Arbitration and Conciliation Law of India (Record no. 12983)

MARC details
000 -LEADER
fixed length control field 00409nam a2200169 4500
003 - CONTROL NUMBER IDENTIFIER
control field OSt
008 - FIXED-LENGTH DATA ELEMENTS--GENERAL INFORMATION
fixed length control field 241226b |||||||| |||| 00| 0 eng d
020 ## - INTERNATIONAL STANDARD BOOK NUMBER
International Standard Book Number 9788175346468
082 ## - DEWEY DECIMAL CLASSIFICATION NUMBER
Classification number 347.5409
Item number KWA
100 ## - MAIN ENTRY--PERSONAL NAME
Personal name KWATRA, G.K.
245 ## - TITLE STATEMENT
Title Arbitration and Conciliation Law of India
250 ## - EDITION STATEMENT
Edition statement 7th Ed.
260 ## - PUBLICATION, DISTRIBUTION, ETC. (IMPRINT)
Place of publication, distribution, etc Gurgoan
Name of publisher, distributor, etc Lexis Nexis
Date of publication, distribution, etc 2008
300 ## - PHYSICAL DESCRIPTION
Extent xxiii, 1018
650 ## - SUBJECT ADDED ENTRY--TOPICAL TERM
Topical term or geographic name as entry element CE
942 ## - ADDED ENTRY ELEMENTS (KOHA)
Source of classification or shelving scheme Dewey Decimal Classification
Koha item type Text Books
Holdings
Withdrawn status Lost status Source of classification or shelving scheme Damaged status Not for loan Collection code Home library Current library Date acquired Source of acquisition Currency Cost, normal purchase price Bill Number Total Checkouts Full call number Acc. no. / Barcode Date last seen Actual Cost, discounted price Bill Date Koha item type
    Dewey Decimal Classification     B.Tech(CE) PIET C-LIBRARY PIET C-LIBRARY 26/12/2024 Zafaa Books and Distributors INR 1495.00 ZBD0386   347.5409 KWA 38544 26/12/2024 1121.25 20/12/2024 Reference Books

Design & Developed by: PIET Central Library
R70 Miles Stone Pattikalyana Samalkha Panipat 132102
mail ID :- [email protected], Phone No:- 0180-2569700 Ex.216